الهر الذكي / (رقم التسجيلة. 40814)
[ عرض عادي ]
| 000 -LEADER | |
|---|---|
| fixed length control field | 00521nam a22001697a 4500 |
| 005 - DATE AND TIME OF LATEST TRANSACTION | |
| control field | 20251108170138.0 |
| 008 - FIXED-LENGTH DATA ELEMENTS--GENERAL INFORMATION | |
| fixed length control field | 250721s9999 xx 000 0 ara d |
| 082 14 - DEWEY DECIMAL CLASSIFICATION NUMBER | |
| Classification number | ط/ق/هر |
| 245 10 - TITLE STATEMENT | |
| Title | الهر الذكي / |
| 264 1# - PRODUCTION, PUBLICATION, DISTRIBUTION, MANUFACTURE, AND COPYRIGHT NOTICE | |
| Place of production, publication, distribution, manufacture | بيروت : |
| Name of producer, publisher, distributor, manufacturer | دار الشمال للطباعة والنشر والتوزيع، |
| Date of production, publication, distribution, manufacture, or copyright notice | [19-]. |
| 300 ## - PHYSICAL DESCRIPTION | |
| Extent | 16ص |
| 490 0# - SERIES STATEMENT | |
| Series statement | حكايات جدتي |
| 650 17 - SUBJECT ADDED ENTRY--TOPICAL TERM | |
| Topical term or geographic name as entry element | قصص الأطفال |
| 653 ## - INDEX TERM--UNCONTROLLED | |
| Uncontrolled term | اطفال ما قبل المدرسه (0-5)سنوات |
| 942 ## - ADDED ENTRY ELEMENTS (KOHA) | |
| Source of classification or shelving scheme | Dewey Decimal Classification |
| Koha item type | كتب |
| حالة السحب | حالة الفقدان | مصدر التصنيف | حالة التلف | غير قابل للإعارة | المكتبة الرئيسية | المكتبة الحالية | موقع الرف | تاريخ التزويد | الرقم المتسلسل | Total Checkouts | رقم الإستدعاء | الباركود | تاريخ آخر ظهور | تاريخ الفاتورة | نوع المادة (كوها) |
|---|---|---|---|---|---|---|---|---|---|---|---|---|---|---|---|
| Dewey Decimal Classification | مكتبة الراية الهاشمية للأطفال | مكتبة الراية الهاشمية للأطفال | الأطفال | 28/07/2025 | 297459 | ط/ق/هر | 297459 | 28/07/2025 | 28/07/2025 | كتب | |||||
| Dewey Decimal Classification | مكتبة الراية الهاشمية للأطفال | مكتبة الراية الهاشمية للأطفال | الأطفال | 28/07/2025 | 295573 | ط/ق/هر | 295573 | 28/07/2025 | 28/07/2025 | كتب | |||||
| Dewey Decimal Classification | مكتبة الراية الهاشمية للأطفال | مكتبة الراية الهاشمية للأطفال | الأطفال | 28/07/2025 | 297452 | ط/ق/هر | 297452 | 28/07/2025 | 28/07/2025 | كتب | |||||
| Dewey Decimal Classification | مكتبة الياسمين للأطفال | مكتبة الياسمين للأطفال | الأطفال | 13/04/2014 | 558031 | ط/ق/هر | PLD00298976 | 28/07/2025 | 13/04/2014 | كتب | |||||
| Dewey Decimal Classification | مكتبة الياسمين للأطفال | مكتبة الياسمين للأطفال | الأطفال | 02/04/2014 | 556728 | ط/ق/هر | PLD00297710 | 28/07/2025 | 02/04/2014 | كتب | |||||
| Dewey Decimal Classification | مكتبة بدر للأطفال | مكتبة بدر للأطفال | الأطفال | 28/08/2022 | 268338 | ط/ق/هر | PLD00500430 | 28/07/2025 | 28/08/2022 | كتب |